[Event "World op 53rd"]
[Site "Philadephia"]
[Date "2025.07.03"]
[Round "1"]
[White "Zhang, Alex"]
[Black "Harsha, Bharathakoti"]
[Result "0-1"]
[WhiteElo "2109"]
[BlackElo "2527"]
[PlyCount "99"]
[EventDate "2025.07.03"]
[EventType "swiss"]
[EventRounds "9"]
[EventCountry "USA"]
[SourceTitle "CB28_2025"]
[SourceDate "2025.07.09"]
[SourceVersion "1"]
[SourceVersionDate "2025.07.09"]
[SourceQuality "1"]

1. d4 Nf6 2. c4 e6 3. Nf3 d5 4. Nc3 c6 5. cxd5 exd5 6. Bg5 Be7 7. Qc2 g6 8. e3 Bf5 9. Bd3 Bxd3 10. Qxd3 Nbd7 11. 0-0 0-0 12. Rab1 a5 13. Rbe1 Re8 14. Ne5 Nxe5 15. dxe5 Nd7 16. Bxe7 Qxe7 17. f4 Nc5 18. Qc2 Rad8 19. a3 d4 20. Ne4 Nxe4 21. Qxe4 Qc5 22. exd4 Qxd4+ 23. Qxd4 Rxd4 24. Rd1 Red8 25. Rxd4 Rxd4 26. g3 Kf8 27. Rf2 Ke7 28. Kf1 Ke6 29. Ke2 c5 30. Rf3 a4 31. b3 Kd5 32. bxa4 Rxa4 33. Rd3+ Rd4 34. Rb3 Kc6 35. Rd3 Kd5 36. Rb3 Kc6 37. Rd3 Rxd3 38. Kxd3 Kd5 39. a4 b6 40. Kc3 Ke4 41. Kc4 g5 42. fxg5 Kxe5 43. Kb5 Kd6 44. Kxb6 c4 45. a5 c3 46. a6 c2 47. a7 c1Q 48. a8Q Qc5+ 49. Ka6 Qa3+ 50. Kb7 0-1

[Event "Illinois op"]
[Site "Naperville"]
[Date "2024.08.31"]
[Round "2"]
[White "Zhang, Alex"]
[Black "Das, Debarghya"]
[Result "0-1"]
[WhiteElo "2032"]
[BlackElo "1858"]
[PlyCount "43"]
[EventDate "2024.08.30"]
[EventType "swiss"]
[EventRounds "7"]
[EventCountry "USA"]
[SourceTitle "EXT 2025"]
[Source "ChessBase"]
[SourceDate "2024.10.14"]
[SourceVersion "1"]
[SourceVersionDate "2024.10.14"]
[SourceQuality "1"]

1. d4 d5 2. c4 e6 3. Nc3 Nf6 4. cxd5 exd5 5. Bg5 Be7 6. e3 Bf5 7. Bxf6 Bxf6 8. Qb3 c6 9. Qxb7 0-0 10. Qxa8 Qb6 11. Nxd5 Qxb2 12. Rd1 cxd5 13. Qxd5 Qc3+ 14. Rd2 Qc1+ 15. Ke2 Be6 16. Qc5 Bc4+ 17. Kf3 Qxf1 18. Qf5 Nc6 19. Kg3 Ne7 20. Qg4 Be6 21. Rd1 Qb5 22. Qf4 0-1

[Event "Chesterfield SPICE Cup op"]
[Site "Chesterfield"]
[Date "2023.12.22"]
[Round "9"]
[White "Vemparala, Nikash"]
[Black "Zhang, Alex"]
[Result "1/2-1/2"]
[WhiteElo "2192"]
[BlackElo "1882"]
[PlyCount "146"]
[EventDate "2023.12.17"]
[EventType "swiss"]
[EventRounds "9"]
[EventCountry "USA"]
[SourceTitle "CBM 217 Extra"]
[Source "ChessBase"]
[SourceDate "2024.01.31"]
[SourceVersion "1"]
[SourceVersionDate "2024.01.31"]
[SourceQuality "1"]

1. e4 c6 2. Nf3 d5 3. Nc3 dxe4 4. Nxe4 Nf6 5. Qe2 Nxe4 6. Qxe4 Nd7 7. d4 Nf6 8. Qd3 g6 9. Bf4 Qa5+ 10. Bd2 Qc7 11. Qb3 Be6 12. c4 Bg7 13. Bd3 0-0 14. 0-0 h6 15. Rac1 Rfd8 16. Rfe1 Bg4 17. Be2 Bxf3 18. Bxf3 Rxd4 19. Bc3 Rd3 20. Qb4 e6 21. Be5 Qb6 22. Qa4 Nd7 23. c5 Nxc5 24. Qc4 Bxe5 25. Rxe5 Nd7 26. Rxe6 Rd4 27. Rxg6+ Kf8 28. Qc2 fxg6 29. Qxg6 Qb4 30. Qxh6+ Ke8 31. Bh5+ Kd8 32. Qh8+ Nf8 33. Qe5 Rd5 34. Qe8+ Kc7 35. Qxa8 Rxh5 36. h3 Rf5 37. Rd1 Nd7 38. Qe8 Rd5 39. Rxd5 cxd5 40. Qe2 d4 41. h4 Qc5 42. h5 Ne5 43. Qe1 Ng4 44. Qd2 d3 45. Qf4+ Kb6 46. h6 Nxf2 47. Qf6+ Kb5 48. a4+ Kb4 49. Qc3+ Qxc3 50. bxc3+ Kb3 51. Kxf2 d2 52. h7 d1Q 53. h8Q Qd2+ 54. Kf3 Qd3+ 55. Kf4 Qf1+ 56. Kg3 Qd3+ 57. Kh2 Qd6+ 58. g3 Kxa4 59. Qd4+ Qxd4 60. cxd4 b5 61. d5 Ka5 62. g4 b4 63. g5 b3 64. g6 b2 65. g7 b1Q 66. g8Q Qc2+ 67. Kg3 Qc7+ 68. Kf3 Kb5 69. Ke4 a5 70. Qe8+ Kc5 71. Qf8+ Qd6 72. Qc8+ Kb6 73. Qc4 Qb4 1/2-1/2